[Event "Commonwealth-ch"]
[Site "New Delhi"]
[Date "2010.05.18"]
[Round "11"]
[White "Satyapragyan, Swayangsu"]
[Black "Ganesh, Bhat R"]
[Result "1-0"]
[WhiteElo "2463"]
[BlackElo "2192"]
[PlyCount "49"]
[EventDate "2010.05.10"]
[EventType "swiss"]
[EventRounds "11"]
[EventCountry "IND"]
[SourceTitle "CBM 136 Extra"]
[Source "ChessBase"]
[SourceDate "2010.07.02"]
[SourceVersion "2"]
[SourceVersionDate "2010.07.15"]
[SourceQuality "1"]

1. e4 c5 2. Nf3 d6 3. Bc4 e6 4. d3 Nf6 5. Bb3 Be7 6. c3 Nc6 7. 0-0 0-0 8. Re1 b5 9. d4 Qc7 10. dxc5 dxc5 11. e5 Ng4 12. Bf4 c4 13. Bc2 Qb6 14. Bg3 Bb7 15. Nbd2 Rad8 16. Qe2 Nh6 17. Bf4 Nf5 18. Ne4 Nb8 19. g4 Nh4 20. Nxh4 Bxh4 21. g5 Bxe4 22. Bxe4 h6 23. Be3 Qc7 24. Qh5 Qxe5 25. Qxh4 1-0

[Event "Commonwealth-ch"]
[Site "New Delhi"]
[Date "2010.05.14"]
[Round "7"]
[White "Ankit, R Rajpara"]
[Black "Ganesh, Bhat R"]
[Result "1-0"]
[WhiteElo "2350"]
[BlackElo "2192"]
[PlyCount "47"]
[EventDate "2010.05.10"]
[EventType "swiss"]
[EventRounds "11"]
[EventCountry "IND"]
[SourceTitle "CBM 136 Extra"]
[Source "ChessBase"]
[SourceDate "2010.07.02"]
[SourceVersion "2"]
[SourceVersionDate "2010.07.15"]
[SourceQuality "1"]

1. e4 c5 2. c3 e5 3. Nf3 Nc6 4. d4 cxd4 5. cxd4 exd4 6. Nxd4 Nf6 7. Nc3 d6 8. Bf4 a6 9. Be2 Be7 10. 0-0 0-0 11. Qd2 Bd7 12. Rfd1 Nxd4 13. Qxd4 Bc6 14. Bxd6 Bxd6 15. Qxd6 Nxe4 16. Qxc6 bxc6 17. Rxd8 Raxd8 18. Nxe4 Rfe8 19. f3 a5 20. Rc1 Rb8 21. b3 Rb6 22. Bc4 h6 23. Nd6 Rf8 24. Re1 1-0

[Event "IND-chT"]
[Site "Gurgaon"]
[Date "2010.02.24"]
[Round "5"]
[White "Ganesh, Bhat R"]
[Black "Girinath, PDS"]
[Result "1/2-1/2"]
[WhiteElo "2152"]
[BlackElo "2370"]
[PlyCount "87"]
[EventDate "2010.02.21"]
[EventType "team"]
[EventRounds "9"]
[EventCountry "IND"]
[SourceTitle "CBM 135 Extra"]
[Source "ChessBase"]
[SourceDate "2010.05.04"]
[SourceVersion "1"]
[SourceVersionDate "2010.05.04"]
[SourceQuality "1"]

1. Nf3 Nf6 2. c4 g6 3. b3 Bg7 4. Bb2 d6 5. g3 e5 6. Bg2 0-0 7. 0-0 a5 8. Nc3 Nc6 9. d4 e4 10. Ne1 Bf5 11. Nc2 Qd7 12. Re1 Rae8 13. Ne3 h5 14. Qd2 h4 15. Ncd5 hxg3 16. hxg3 Nxd5 17. Nxd5 b6 18. Rad1 Ra8 19. a3 Ne7 20. Nc3 d5 21. cxd5 Nxd5 22. Nxe4 Bxe4 23. Bxe4 f5 24. Bg2 f4 25. Qd3 Rf5 26. e4 fxe3 27. fxe3 Raf8 28. e4 Rf2 29. Re2 Rxe2 30. Qxe2 Nf6 31. Rf1 Re8 32. Qc4+ Kh8 33. e5 Nh5 34. Rf7 Qg4 35. Qc6 Rd8 36. Qxc7 Rg8 37. Qc3 Nxg3 38. Qf3 Qg5 39. e6 Re8 40. Rxg7 Kxg7 41. d5+ Kh6 42. Qf7 Qe3+ 43. Kh2 Nf5 44. Qxf5 1/2-1/2

[Event "IND-chT"]
[Site "Gurgaon"]
[Date "2010.02.23"]
[Round "4"]
[White "Bakre, Tejas"]
[Black "Ganesh, Bhat R"]
[Result "1-0"]
[WhiteElo "2465"]
[BlackElo "2152"]
[PlyCount "55"]
[EventDate "2010.02.21"]
[EventType "team"]
[EventRounds "9"]
[EventCountry "IND"]
[SourceTitle "CBM 135 Extra"]
[Source "ChessBase"]
[SourceDate "2010.05.04"]
[SourceVersion "1"]
[SourceVersionDate "2010.05.04"]
[SourceQuality "1"]

1. Nf3 d5 2. d4 Nf6 3. c4 c6 4. Qc2 e6 5. cxd5 cxd5 6. Nc3 Nc6 7. Bf4 Be7 8. e3 Nh5 9. Bg3 Bd7 10. a3 a6 11. Bd3 h6 12. Be5 Nf6 13. h3 Rc8 14. Rc1 Na5 15. 0-0 0-0 16. Qe2 b5 17. e4 Re8 18. Nd2 dxe4 19. Ncxe4 Nd5 20. Nc5 Ra8 21. Qe4 f5 22. Qf3 Nc6 23. Nxe6 Bxe6 24. Rxc6 Bg5 25. Rd6 Qc8 26. Rxd5 Bxd2 27. Rc5 Qd8 28. Rc7 1-0

[Event "IND-chT"]
[Site "Gurgaon"]
[Date "2010.02.22"]
[Round "3"]
[White "Ganesh, Bhat R"]
[Black "Ravi, Prakash"]
[Result "0-1"]
[WhiteElo "2152"]
[BlackElo "2285"]
[PlyCount "138"]
[EventDate "2010.02.21"]
[EventType "team"]
[EventRounds "9"]
[EventCountry "IND"]
[SourceTitle "CBM 135 Extra"]
[Source "ChessBase"]
[SourceDate "2010.05.04"]
[SourceVersion "1"]
[SourceVersionDate "2010.05.04"]
[SourceQuality "1"]

1. Nf3 Nf6 2. c4 e6 3. g3 b6 4. Bg2 Bb7 5. b3 c5 6. Bb2 Be7 7. 0-0 0-0 8. Nc3 a6 9. d4 cxd4 10. Nxd4 Bxg2 11. Kxg2 Qc7 12. e4 d6 13. Qe2 Nbd7 14. Rad1 Rfe8 15. Kg1 Bf8 16. Rfe1 Rac8 17. Nc2 Qb7 18. f3 Rc7 19. Ne3 Rec8 20. Rc1 Rb8 21. a3 b5 22. cxb5 axb5 23. b4 Be7 24. Red1 Rc6 25. Nc2 Bd8 26. Kg2 Rb6 27. Nd4 Ne8 28. Ndxb5 e5 29. a4 Ndf6 30. Rc2 Be7 31. Ba3 Qa6 32. Qc4 Bf8 33. Qb3 Ra8 34. Bc1 Rbb8 35. Be3 h6 36. Na3 d5 37. exd5 Rxb4 38. Qa2 Rxa4 39. Nxa4 Qxa4 40. Bc5 Bxc5 41. Qc4 Bxa3 42. Qxa4 Rxa4 43. Ra2 Nd6 44. Rd3 Nc4 45. d6 Nd7 46. Rb3 Ra6 47. Rc3 Nxd6 48. Rcxa3 Rxa3 49. Rxa3 Kf8 50. Ra8+ Ke7 51. h4 f6 52. h5 Nf5 53. g4 Ne3+ 54. Kf2 Nd5 55. Rg8 Kf7 56. Rd8 N5b6 57. Kg3 Nc5 58. Rb8 Nbd7 59. Rd8 Nf8 60. Rc8 Nce6 61. Ra8 Nd7 62. Ra7 Ke7 63. Rb7 Ng5 64. Ra7 Ne6 65. Ra8 Nd4 66. Rg8 Kf7 67. Rc8 f5 68. gxf5 Nxf5+ 69. Kg4 Ne7 0-1

[Event "Chennai op 2nd"]
[Site "Chennai"]
[Date "2010.02.01"]
[Round "9"]
[White "Ganesh, Bhat R"]
[Black "Bitoon, Richard"]
[Result "0-1"]
[WhiteElo "2152"]
[BlackElo "2458"]
[PlyCount "64"]
[EventDate "2010.01.25"]
[EventType "swiss"]
[EventRounds "11"]
[EventCountry "IND"]
[SourceTitle "CBM 134 Extra"]
[Source "ChessBase"]
[SourceDate "2010.03.03"]
[SourceVersion "1"]
[SourceVersionDate "2010.03.03"]
[SourceQuality "1"]

1. Nf3 Nf6 2. c4 e6 3. b3 b6 4. g3 Bb7 5. Bg2 d5 6. 0-0 Be7 7. Bb2 0-0 8. d4 dxc4 9. bxc4 c5 10. e3 Qc7 11. Nbd2 Rd8 12. Qc2 Nc6 13. Rac1 cxd4 14. exd4 Rac8 15. Rfe1 h6 16. a3 Na5 17. Qb1 Qd6 18. Bf1 Nd7 19. Re3 Bf8 20. Qd3 Ba6 21. Qb1 Qb8 22. Qe4 b5 23. c5 Bb7 24. Qh4 a6 25. Bc3 Nc6 26. Ne4 Ne7 27. Qh3 Qa8 28. Nfd2 Nd5 29. Ba5 Nxe3 30. fxe3 Bxe4 31. Bxd8 Rxd8 32. c6 Bxc6 0-1

[Event "Chennai WinTV op 1st"]
[Site "Chennai"]
[Date "2004.01.31"]
[Round "12"]
[White "Ganesh, Bhat R"]
[Black "Anilkumar, OT."]
[Result "1-0"]
[WhiteElo "2109"]
[BlackElo "2282"]
[PlyCount "100"]
[EventDate "2004.01.21"]
[EventType "swiss"]
[EventRounds "13"]
[EventCountry "IND"]
[SourceTitle "CBM 098 Extra"]
[Source "ChessBase"]
[SourceDate "2004.03.10"]
[SourceVersion "2"]
[SourceVersionDate "2004.03.10"]
[SourceQuality "1"]

1. Nf3 g6 2. d4 Bg7 3. e4 d6 4. c3 c6 5. Bd3 Bg4 6. Nbd2 Nd7 7. h3 Bxf3 8. Nxf3 e5 9. dxe5 dxe5 10. Be3 Ngf6 11. 0-0 0-0 12. Qb3 Qc7 13. a4 b6 14. Rfd1 Rfd8 15. Ng5 Nc5 16. Bxc5 bxc5 17. Nxf7 Rab8 18. Nxd8+ Rxb3 19. Bc4+ Kh8 20. Nf7+ Qxf7 21. Bxf7 Rb8 22. f3 Bh6 23. b3 Bf8 24. Bc4 Be7 25. Rd3 a5 26. Rad1 Kg7 27. Kf2 Kf8 28. Ke3 g5 29. Rd6 Nd5+ 30. R6xd5 cxd5 31. Rxd5 Rd8 32. Rxe5 Rd1 33. Rf5+ Ke8 34. e5 Re1+ 35. Kf2 Rc1 36. e6 Bd8 37. Rf7 Be7 38. Rxh7 Kd8 39. Ke3 Re1+ 40. Kf2 Rc1 41. g3 Rxc3 42. f4 gxf4 43. gxf4 Bf6 44. f5 Be7 45. Rf7 Bh4+ 46. Ke2 Rc2+ 47. Ke3 Bg5+ 48. Kf3 Bh4 49. Kg4 Be1 50. e7+ Ke8 1-0

[Event "Chennai WinTV op 1st"]
[Site "Chennai"]
[Date "2004.01.30"]
[Round "11"]
[White "Bartakke, Amardeep S"]
[Black "Ganesh, Bhat R"]
[Result "0-1"]
[WhiteElo "2279"]
[BlackElo "2109"]
[PlyCount "80"]
[EventDate "2004.01.21"]
[EventType "swiss"]
[EventRounds "13"]
[EventCountry "IND"]
[SourceTitle "CBM 098 Extra"]
[Source "ChessBase"]
[SourceDate "2004.03.10"]
[SourceVersion "2"]
[SourceVersionDate "2004.03.10"]
[SourceQuality "1"]

1. e4 Nf6 2. e5 Nd5 3. d4 d6 4. Bc4 c6 5. Qf3 e6 6. Qg3 Ne7 7. Bd3 dxe5 8. dxe5 Nd7 9. Nf3 Nc5 10. Be2 Nf5 11. Qf4 h6 12. Nc3 g5 13. Qg4 Be7 14. Qh5 Nd4 15. Nxd4 Qxd4 16. Be3 Qxe5 17. 0-0-0 Nd7 18. Kb1 Nf6 19. Qh3 Qc7 20. Bxg5 Bd7 21. Be3 0-0-0 22. Qf3 c5 23. Bf4 e5 24. Bg3 Be6 25. b3 a6 26. Qe3 Nd7 27. Nd5 Bxd5 28. Rxd5 f6 29. Bg4 h5 30. Bf5 Kb8 31. Rhd1 Nb6 32. Rxd8+ Rxd8 33. Qf3 Rxd1+ 34. Qxd1 c4 35. Bg6 cxb3 36. axb3 Qc3 37. Qd3 Qe1+ 38. Kb2 a5 39. f3 Ba3+ 40. Ka2 Qc1 0-1

[Event "Chennai WinTV op 1st"]
[Site "Chennai"]
[Date "2004.01.28"]
[Round "9"]
[White "Rengarajan, Srinivasan"]
[Black "Ganesh, Bhat R"]
[Result "1/2-1/2"]
[WhiteElo "2247"]
[BlackElo "2109"]
[PlyCount "80"]
[EventDate "2004.01.21"]
[EventType "swiss"]
[EventRounds "13"]
[EventCountry "IND"]
[SourceTitle "CBM 098 Extra"]
[Source "ChessBase"]
[SourceDate "2004.03.10"]
[SourceVersion "2"]
[SourceVersionDate "2004.03.10"]
[SourceQuality "1"]

1. e4 Nf6 2. e5 Nd5 3. Nc3 Nxc3 4. bxc3 d6 5. f4 e6 6. Nf3 Be7 7. d4 c5 8. Be2 0-0 9. 0-0 b6 10. Be3 Bb7 11. Qe1 Qc7 12. Bd3 c4 13. exd6 Bxd6 14. Bxh7+ Kxh7 15. Qh4+ Kg8 16. Ng5 Re8 17. Qh7+ Kf8 18. Qh8+ Ke7 19. Qxg7 Rf8 20. Rae1 Bd5 21. Bf2 Kd7 22. Nh7 Nc6 23. Bh4 Rae8 24. Nf6+ Kc8 25. Bg5 Nd8 26. h4 Qc6 27. Re2 Be7 28. Nxe8 Qxe8 29. Bxe7 Qxe7 30. Re3 Qe8 31. Rg3 Nc6 32. f5 e5 33. dxe5 Nxe5 34. h5 f6 35. Qxa7 Rg8 36. Rg7 Rxg7 37. Qxg7 Qxh5 38. Qxf6 Qe2 39. Qf8+ Kb7 40. Qg7+ Ka6 1/2-1/2

[Event "Chennai WinTV op 1st"]
[Site "Chennai"]
[Date "2004.01.25"]
[Round "6"]
[White "Ganesh, Bhat R"]
[Black "Sangma, Rahul"]
[Result "1/2-1/2"]
[WhiteElo "2109"]
[BlackElo "2256"]
[PlyCount "80"]
[EventDate "2004.01.21"]
[EventType "swiss"]
[EventRounds "13"]
[EventCountry "IND"]
[SourceTitle "CBM 098 Extra"]
[Source "ChessBase"]
[SourceDate "2004.03.10"]
[SourceVersion "2"]
[SourceVersionDate "2004.03.10"]
[SourceQuality "1"]

1. Nf3 Nf6 2. c4 g6 3. g3 d6 4. Bg2 Bg7 5. 0-0 0-0 6. Nc3 c6 7. d4 Nbd7 8. Bg5 h6 9. Bd2 e5 10. dxe5 dxe5 11. e4 Qe7 12. Qc2 Nc5 13. h3 Ne8 14. Rfe1 Ne6 15. Be3 Nd4 16. Qd1 Nxf3+ 17. Qxf3 Nc7 18. Rad1 Ne6 19. Rd2 Ng5 20. Bxg5 Qxg5 21. Red1 h5 22. h4 Qe7 23. Qe2 Bh6 24. Rd6 Bg4 25. Bf3 Be6 26. Qd3 Rfe8 27. Na4 Qc7 28. Qc2 Bf8 29. R6d3 Be7 30. b3 Rad8 31. Kf1 Rc8 32. Kg2 Qa5 33. c5 Rcd8 34. Qd2 Qc7 35. Qc3 f6 36. Be2 Rxd3 37. Rxd3 Rd8 38. Rxd8+ Qxd8 39. Bc4 Bxc4 40. Qxc4+ Kf8 1/2-1/2